| 000 | 00863nam a2200229 i 4500 | ||
|---|---|---|---|
| 001 | 163534 | ||
| 003 | ES-MaACL | ||
| 005 | 20251007171506.0 | ||
| 008 | 931025s1866 sp |||| | spa d | ||
| 100 | 1 |
_aRilliet, F. _9131823 |
|
| 245 | 1 | 0 |
_aTratado clínico y práctico de las enfermedades de los niños / _cpor F. Rilliet y E. Barthez ; traducida de la última edicion francesa por Joaquin Gonzalez Hidalgo. |
| 260 |
_aMadrid : _bCarlos Bailly-Bailliere, _c1866. |
||
| 300 |
_a3 v. ; _c23 cm. |
||
| 650 | 4 |
_aNiños- _xEnfermedades- _xTratamiento. _915547 |
|
| 700 | 1 | 1 |
_aBarthez, E. _9125842 |
| 700 | 1 | 1 |
_aGonzález Hidalgo, Joaquín, _d1839-1923 _etrad. _9127415 |
| 700 | 1 | 1 |
_aBailly-Bailliere, Carlos, _eed. _9223859 |
| 752 |
_aEspaña - _dMadrid |
||
| 852 |
_aES-MaACL _jF-12752-12754 _z-- Enc. pasta |
||
| 999 |
_c163534 _d163534 |
||